<?xml version="1.0" encoding="UTF-8"?>
<record
    xmlns:xsi="http://www.w3.org/2001/XMLSchema-instance"
    xsi:schemaLocation="http://www.loc.gov/MARC21/slim http://www.loc.gov/standards/marcxml/schema/MARC21slim.xsd"
    xmlns="http://www.loc.gov/MARC21/slim">

  <leader>01140nam a2200205Ia 4500</leader>
  <datafield tag="952" ind1=" " ind2=" ">
    <subfield code="0">0</subfield>
    <subfield code="1">0</subfield>
    <subfield code="2">lcc</subfield>
    <subfield code="4">0</subfield>
    <subfield code="7">0</subfield>
    <subfield code="a">21</subfield>
    <subfield code="b">21</subfield>
    <subfield code="d">2012-05-24</subfield>
    <subfield code="l">7</subfield>
    <subfield code="o">HF1025 A95 2010</subfield>
    <subfield code="p">21 000980</subfield>
    <subfield code="r">2016-10-06</subfield>
    <subfield code="s">2016-10-06</subfield>
    <subfield code="t">1</subfield>
    <subfield code="w">2012-07-20</subfield>
    <subfield code="y">LB</subfield>
  </datafield>
  <datafield tag="952" ind1=" " ind2=" ">
    <subfield code="0">0</subfield>
    <subfield code="1">0</subfield>
    <subfield code="2">lcc</subfield>
    <subfield code="4">0</subfield>
    <subfield code="7">0</subfield>
    <subfield code="a">21</subfield>
    <subfield code="b">21</subfield>
    <subfield code="d">2012-05-24</subfield>
    <subfield code="l">7</subfield>
    <subfield code="o">HF1025 A95 2010</subfield>
    <subfield code="p">21 000981</subfield>
    <subfield code="r">2017-05-11</subfield>
    <subfield code="s">2017-05-11</subfield>
    <subfield code="t">2</subfield>
    <subfield code="w">2012-07-20</subfield>
    <subfield code="y">LB</subfield>
  </datafield>
  <datafield tag="952" ind1=" " ind2=" ">
    <subfield code="0">0</subfield>
    <subfield code="1">0</subfield>
    <subfield code="2">lcc</subfield>
    <subfield code="4">0</subfield>
    <subfield code="7">0</subfield>
    <subfield code="a">21</subfield>
    <subfield code="b">21</subfield>
    <subfield code="d">2012-05-24</subfield>
    <subfield code="l">12</subfield>
    <subfield code="o">HF1025 A95 2010</subfield>
    <subfield code="p">21 000982</subfield>
    <subfield code="r">2024-10-11</subfield>
    <subfield code="s">2018-05-18</subfield>
    <subfield code="t">3</subfield>
    <subfield code="w">2012-07-20</subfield>
    <subfield code="y">LB</subfield>
  </datafield>
  <datafield tag="952" ind1=" " ind2=" ">
    <subfield code="0">0</subfield>
    <subfield code="1">0</subfield>
    <subfield code="2">lcc</subfield>
    <subfield code="4">0</subfield>
    <subfield code="7">0</subfield>
    <subfield code="a">21</subfield>
    <subfield code="b">21</subfield>
    <subfield code="d">2012-05-24</subfield>
    <subfield code="l">10</subfield>
    <subfield code="o">HF1025 A95 2010</subfield>
    <subfield code="p">21 000983</subfield>
    <subfield code="r">2024-10-11</subfield>
    <subfield code="s">2023-09-13</subfield>
    <subfield code="t">4</subfield>
    <subfield code="w">2012-07-20</subfield>
    <subfield code="y">LB</subfield>
  </datafield>
  <datafield tag="999" ind1=" " ind2=" ">
    <subfield code="c">83475</subfield>
    <subfield code="d">83475</subfield>
  </datafield>
  <controlfield tag="008">120721s2010    mx abd        000 0 spa d</controlfield>
  <datafield tag="020" ind1=" " ind2=" ">
    <subfield code="a">9789681870072</subfield>
  </datafield>
  <datafield tag="050" ind1="0" ind2="4">
    <subfield code="a">HF1025 </subfield>
    <subfield code="b">A95 2010</subfield>
  </datafield>
  <datafield tag="100" ind1=" " ind2=" ">
    <subfield code="a">AYLL&#xD3;N TORRES, Mar&#xED;a Teresa</subfield>
  </datafield>
  <datafield tag="245" ind1="1" ind2="0">
    <subfield code="a">Geograf&#xED;a econ&#xF3;mica  </subfield>
    <subfield code="b">: para las escuelas preparatorias</subfield>
    <subfield code="c">/ Maria Teresa Ayllon Torres</subfield>
  </datafield>
  <datafield tag="250" ind1=" " ind2=" ">
    <subfield code="a">11a ed.</subfield>
  </datafield>
  <datafield tag="260" ind1=" " ind2=" ">
    <subfield code="a">M&#xE9;xico </subfield>
    <subfield code="b">: Limusa</subfield>
    <subfield code="c">, 2010.</subfield>
  </datafield>
  <datafield tag="300" ind1=" " ind2=" ">
    <subfield code="a">304 p. </subfield>
    <subfield code="b">: ilustraciones mapas, gr&#xE1;ficas </subfield>
    <subfield code="c">; 27 cm.</subfield>
  </datafield>
  <datafield tag="505" ind1=" " ind2=" ">
    <subfield code="a">Geograf&#xED;a econ&#xF3;mica
Am&#xE9;rica del norte
M&#xE9;xico
Latinoamerica
Europa
Asia
Ocean&#xED;a
Africa
Actividades econ&#xF3;micas y su clasificaci&#xF3;n
Sistemas de producci&#xF3;n
Pa&#xED;ses desarrollados
Pa&#xED;ses en desarrollo
Tendencias de econom&#xED;a mundial
</subfield>
  </datafield>
  <datafield tag="519" ind1=" " ind2=" ">
    <subfield code="a">Plan UNAM /</subfield>
    <subfield code="b">Preparatoria UNAM /</subfield>
    <subfield code="c">Geograf&#xED;a (1405-2) /</subfield>
    <subfield code="d">(21 000980, 21 000981, 21 000982, 21 000983)</subfield>
  </datafield>
  <datafield tag="650" ind1=" " ind2="0">
    <subfield code="a">GEOGRAF&#xCD;A ECON&#xD3;MICA</subfield>
    <subfield code="x">ESTUDIO Y ENSE&#xD1;ANZA</subfield>
  </datafield>
  <datafield tag="942" ind1=" " ind2=" ">
    <subfield code="2">lcc</subfield>
    <subfield code="c">LB</subfield>
  </datafield>
</record>
